| 000 | 00415nam a22001577a 4500 | ||
|---|---|---|---|
| 020 | _a978074606046-9 | ||
| 082 |
_a823 _bAME/P |
||
| 100 | _aAMERY, HEATHER | ||
| 100 | _aCATWRIGHT, STEPHEN | ||
| 245 |
_aPIG GETS STUCK _bUSBRONE FARMYARD TALES |
||
| 246 |
_aPIG GETS STUCK _bUSBRONE FARMYARD TALES |
||
| 260 |
_aLONDON _bUSBORNE PUBLISHING LTD _c2004 |
||
| 520 | _aSHORT STORY | ||
| 650 | _aSHORT STORY | ||
| 942 | _cBK | ||
| 999 |
_c2595 _d2595 |
||